000 02148nam0a2200397 4500
001 RU\NLR\BIBL_A\011918677
005 20250128194045.0
010 _a978-5-09-069763-7
_9129
021 _aRU
_bКН-П-19-045908
_9КН-П-19-3355
021 _aRU
_bКН-П-18-094823
_9КН-П-18-6881
021 _aRU
_bКН-П-21-088550
_9КН-П-21-7058
035 _a(NLR Aleph) 011918677
090 _a13420809
_c13420809
100 _a20190128d2018 c y0rusy50 ca
101 0 _arus
_aniu
102 _aRU
105 _aa z 000zy
200 1 _aБукварь
_e1 класс
_eучебное пособие на нивхском языке (амурский диалект) для общеобразовательных организаций
_fА. А. Юшкина
210 _aСанкт-Петербург
_cФилиал изд-ва "Просвещение"
_d2018
215 _a174 с.
_cцв. ил., табл.
_d26
_eброшюра (14, [1] с.; 16х21 см.)
_e[2] л. цв. ил., алфавит
225 1 _aНовый учебник Дальнего Востока
225 1 _aФГОС
311 _aЗагл. прил: В помощь учителю: дидактические материалы к учебному пособию на нивхском языке (амурский диалект) "Букварь. 1 класс"
422 0 _12001#$aВ помощь учителю$eдидактические материалы к учебному пособию на нивхском языке (амурский диалект) "Букварь. 1 класс"
_tВ помощь учителю
512 1 _aНивхгу букварь
_zniu
606 1 _aНивхский язык
_jБуквари
_xАмурский диалект
_92595281
_3RU\NLR\AUTH\661533468
610 0 _aамурский диалект нивхского языка
686 3 _aШ175.35-922.1[1]б
700 1 _aЮшкина
_bА. А.
_gАльбина Акимовна
852 _aNLR
_bОНЛ
_jНивх./4-9
942 _cBOOK
980 _aNBR
980 _aNB